=LDR 00000nam 2200000 4500 =001 INLIS000000000033681 =005 20130612135624 =008 ***********************************ind** =035 ##$$a0010-061300000033681 =041 ##$$a ind =082 ##$$a 813 =090 ##$$a 813, Hir e =100 ##$$a Hirata, Andrea =245 ##$$a Ealensor, Andrea Hirata, Penyunting Lanam Risdiyanto =260 ##$$a 2008 $b Yogyakarta =300 ##$$a ix, 294 hlm, ilus, 21 cm =650 ##$$a Fiksi Indonesia =700 ##$$a Risdiyanto, Imam =850 ##$$a NBPNMAT =990 ##$$a 91659/BPAP-NTB/2014